000 00548nmm a2200169Ia 4500
008 251105s9999||||xx |||||||||||||||||und||
020 _a9789560006141
041 _aspa
100 _aVivanco, Manuel
245 0 _aCrítica a la moral conservadora: aborto, eutanasia, drogas, matrimonio igualitario
264 _a[Santiago de Chile, Chile] :
_bLOM Ediciones,
_c2015
300 _a138 páginas
490 _aCiencias Sociales y Humanas
650 _aPhilosophy, Ethics
856 _uhttps://public.digitaliapublishing.com/a/41654
942 _cCF
999 _c93519
_d93519